000 01036nam a2200253 i 4500
001 105440
003 ES-MaACL
005 20250709205326.0
007 t|
008 060712s1976 fr ||||1| spa d
080 _a947"1917/21"
100 1 _aTrotsky, Leon,
_d1879-1940
_9240350
245 1 0 _aEscritos militares
_b: cómo se armó la revolución : materiales y documentos para la historia del Ejército rojo /
_cLeón Trotski ; traducción por Fernando Claudín.
260 _a[Paris] :
_bRuedo Ibérico,
_c[1976]
300 _a2 v. ;
_c22 cm.
490 1 _aBiblioteca de cultura socialista. Obras de León Trotski ;
_v6
505 8 _aContiene: 1. El año 1918 - 2. El año 1919
651 4 _aRusia-
_xHistoria-
_y1917-1921, Revolución.
_99336
700 1 _aClaudín, Fernando.
_939089
710 2 _aÉditions Ruedo ibérico.
_9145333
830 1 0 _aBiblioteca de cultura socialista. Obras de León Trotski
_v6
_9185032
852 _aES-MaACL
_jAND-235-36
_z- Biblioteca Juan Andrade.
999 _c105440
_d105440